000 00632nab a2200193 4500
001 244442
003 OSt
005 20250331092555.0
007 tu
008 200917s2020|||||||
040 _aDE-2950
_cDE-2950
245 0 0 _aSVF prüft Vertragsstrafen
_bForderungen. Zwischen der Stadtverkehrsgesellschaft Frankfurt und Straßenbahn-Hersteller Skoda bahnt sich eine juristische Auseinandersetzung an/
_cThomas Gutke
264 _c2024
653 _aFrankfurt (Oder)
653 _aSVF
653 _aneue Straßenbahn
773 0 _g36. Jahrgang (2025) Nr. 74 vom 28.03.2025, S. 15 mit Foto
_tMärkische Oderzeitung
942 _2z
_cA
999 _c373672
_d373672